000
00377nam a2200133Ia 4500
008
100328s9999 xx 000 0 und d
082
_b
59620
100
_a
मयेकर प्रशांत शंकर.
245
_a
रंगतरंग.
260
_b
अजिंक्य.
630
_a
रंगतरंग.
730
_a
रंगतरंग.
942
_c
BOOK
999
_c
545829
_d
545826